Freedom of religious worship, or, The Iubilee of ordinances : now all for free from their long bondage under the pænall laws, statutes, and ordinances of men : wherein is held forth, that worldly governments (parilamentary [as printed] or military) have nothing to doe in the churches of Christ, neither ought to impose upon any, in any matters of faith or worship : and that the churches have nothing to doe with the governments of the world, but onely to submit to them, Rom. 13. [1?]. though in the hands of wicked men, and unbeleevers.

Bibliographic Details
Format: Microform Book
Language:English
Published: [London] : [publisher not identified], 1654.
Series:Early English books, 1641-1700 ; 1670:13.
Subjects:

MARC

Tag First Indicator Second Indicator Subfields
LEADER 00000cam a2200000 a 4500
001 in00000960340
005 20150927072821.0
007 hd afb017baca
007 hd bfb017baaa
008 890307r19851654miubf a 00000 eng d
035 |a (OCoLC)19318097 
035 |9 AEV2186AM 
037 |a CL0037000061  |b University Microfilms International 
037 |b University Microfilms International, 300 N. Zeeb Rd., Ann Arbor, MI 48106 
040 |a EAH  |c EAH  |d UtOrBLW 
043 |a e-uk--- 
045 |a u-u- 
049 |a TXAI 
090 |a BV741  |b .F73 1654 
099 |a film   |a  B   |a  3609 
245 0 0 |a Freedom of religious worship, or, The Iubilee of ordinances :  |b now all for free from their long bondage under the pænall laws, statutes, and ordinances of men : wherein is held forth, that worldly governments (parilamentary [as printed] or military) have nothing to doe in the churches of Christ, neither ought to impose upon any, in any matters of faith or worship : and that the churches have nothing to doe with the governments of the world, but onely to submit to them, Rom. 13. [1?]. though in the hands of wicked men, and unbeleevers. 
264 1 |a [London] :  |b [publisher not identified],  |c 1654. 
300 |a 56 pages, 1 unnumbered leaf of plates :  |b map. 
336 |a text  |b txt  |2 rdacontent 
337 |a microform  |b h  |2 rdamedia 
338 |a microfilm reel  |b hd  |2 rdacarrier 
500 |a Place of imprint suggested by Wing. 
500 |a Reproduction of original in the Union Theological Seminary Library. 
510 4 |a Wing  |c F2125A 
533 |a Microfilm.  |b Ann Arbor, Mich. :  |c University Microfilms International,  |d 1985.  |e 1 microfilm reel ; 35 mm.  |f (Early English books, 1641-1700 ; 1670:13) 
500 |a Microform. 
650 0 |a Freedom of religion  |z Great Britain. 
650 0 |a Religion and state  |z Great Britain. 
651 0 |a Great Britain  |x Church history  |y 17th century. 
740 0 |a Iubilee of ordinances. 
740 0 |a Jubilee of ordinances. 
830 0 |a Early English books, 1641-1700 ;  |v 1670:13. 
999 |a MARS 
999 f f |s d5eb79d8-c69d-3252-8019-2327e148ed88  |i 9d0f6e56-08ec-3de5-82b9-f19b0e183136  |t 0 
952 f f |p default  |a Texas A&M University  |b College Station  |c Sterling C. Evans Library  |d Evans: Microforms (3rd floor)  |t 0  |e film B 3609 1670:13  |h Other scheme  |i microform -- microfilm reel 
998 f f |a film B 3609 1670:13  |t 0  |l Evans: Microforms (3rd floor)